Представление документа в формате MARC21

Поле Инд. ПП Название Значение
Тип записи a
Библиографический уровень m
001 Контрольный номер DU/620128643
005 Дата корректировки 20251216153301.7
020 a ISBN 978-5-4365-2675-1
084 a Индекс другой классификации/Индекс ББК 71.063.2
090 a Полочн. индекс 71.063.2
x Авторский знак П 124
100 1_ a Автор Павловская А. В.
100 1_ a Автор Руцинская И. И.
100 1_ a Автор Штульберг А. М.
245 10 a Заглавие Великий Объединитель. Чай и чаепитие в истории и культуре России и Британии
c Ответственность МГУ им. М. В. Ломоносова. Факультет иностранных языков и регионоведения
b Продолж. заглавия научная монография
260 b Издательство Русайнс
c Дата издания 2018
a Место издания Москва
300 a Объем 262 с.
336 a Термин вида содержания Текст
337 a Термин типа средства непосредственный
520 0_ a Аннотация В научной монографии на основе широкого круга источников исследуется традиция чаепития в России и Великобритании. Раскрываются историко-культурные особенности бытования данной традиции, ее место и роль в жизни русского и английского народов. Анализируется значение чаепития в изобразительном искусстве и художественной литературе. Книга содержит большое количество иллюстраций. Для широкого круга читателей, а также историков, искусствоведов, филологов, студентов гуманитарных дисциплин – всех интересующихся вопросами истории и культуры России и Великобритании.
541 1_ a Номер заявки 8620
b Заявитель Хохлова Светлана Павловна
c Факультет/Кафедра/Подразделение Кафедра социологии и гуманитарных наук
d Дата заявки 05.05.2019
f Дисциплина Культурология
h Уровень подготовки Бакалавриат
n Количество экземпляров 1
650 04 a Основная рубрика культурология
a Основная рубрика морфология культуры (структура культуры)
a Основная рубрика теоретическая культурология (фундаментальная культурология)
a Основная рубрика уровни культуры
653 0_ a Ключевые слова английская культура
a Ключевые слова Англия
a Ключевые слова Британия
a Ключевые слова бытовая культура
a Ключевые слова изобразительное искусство
a Ключевые слова историко-культурные особенности
a Ключевые слова Китай
a Ключевые слова культура
a Ключевые слова культура повседневности
a Ключевые слова культурные традиции
a Ключевые слова обыденная жизнь
a Ключевые слова повседневность
a Ключевые слова Россия
a Ключевые слова традиции
a Ключевые слова художественная литература
a Ключевые слова чаепитие
a Ключевые слова чай
720 a Наименование подборки К семинарам по культурологии
e Признак/вид подборки Тематические подборки
787 18 w Контрольный номер связываемой записи DU/677326543
900 a Имя электронного ресурса obl_anna_pavlovskaya_velikiy_obedinitel_chay
x Справочная информация Обложка
900 a Имя электронного ресурса ogl_anna_pavlovskaya_velikiy_obedinitel_chay
901 t Тип документа m
952 a Тип литературы для КСУ ВШ НАУ